| 000 | 01542nam a2200253 u 4500 | ||
|---|---|---|---|
| 003 | AM-YeHGA | ||
| 040 | _aAM-YeHGA | ||
| 090 | _c433264 | ||
| 005 | 20250617155331.0 | ||
| 008 | 130312s19541976ru |||||||||||||||||rus|c | ||
| 041 | 0 | _arus | |
| 245 | 0 | 0 |
_aКрестьянская война под предводительством Степана Разина : _bСб. документов / _cСост. Е.А. Швецова ; Ин-т истории АН СССР. |
| 260 |
_aМосква : _bИзд. АН СССР, _c1954. |
||
| 300 | _aтом | ||
| 505 | 0 | 0 |
_gТ. 1 (1954, 323 с., 7 л. ил.) : _t1666 - июнь 1670 гг. |
| 505 | 0 | 0 |
_gТ. 2. Ч. 1. (1957, 665 с., 7 л. ил.) : _tАвгуст 1670 - Январь 1671. Массовое народное восстание в Поволжье и смежных областях |
| 505 | 0 | 0 |
_gТ. 2. Ч. 2. (1959, 242 с., 4 л. факс.) : _tАвгуст 1670 - январь 1671. Восстание на Юге и волнения в других областях Русского государства |
| 505 | 0 | 0 |
_gТ. 3 (1962, 491 с., 5 л. ил.) : _tПодавление восстания, казнь С. Разина и позднейшие отголоски движения (с января 1671 г.) |
| 505 | 0 | 0 |
_gТ. 4 (1976, 279 с. ; ил.) : _tДополнительный |
| 600 | 1 | 4 | _aРазин, Степан Тимофеевич |
| 650 | 1 | 4 | _aКрестьянская война |
| 710 | 2 | _aИн-т истории АН СССР | |
| 942 |
_2udc _cBK |
||
| 999 |
_c430705 _d430705 |
||